Cases in business ethics / (Record no. 45185)
[ view plain ]
| 000 -LEADER | |
|---|---|
| fixed length control field | 01036cam a22002774a 4500 |
| 001 - CONTROL NUMBER | |
| control field | 45185 |
| 003 - CONTROL NUMBER IDENTIFIER | |
| rucl marc code | BD-RjUL |
| 005 - DATE AND TIME OF LATEST TRANSACTION | |
| control field | 20211209053957.0 |
| 008 - FIXED-LENGTH DATA ELEMENTS--GENERAL INFORMATION | |
| fixed length control field | 160724s2006 caua 000 0 eng |
| 020 ## - INTERNATIONAL STANDARD BOOK NUMBER | |
| International Standard Book Number | 1412909244 (pbk.) |
| 035 ## - SYSTEM CONTROL NUMBER | |
| System control number | (BD-RjUL)45303 |
| 040 ## - CATALOGING SOURCE | |
| Original cataloging agency | DLC |
| Transcribing agency | DLC |
| Modifying agency | DLC |
| Language of cataloging | eng |
| 041 ## - LANGUAGE CODE | |
| Language code of text/sound track or separate title | eng |
| 082 00 - DEWEY DECIMAL CLASSIFICATION NUMBER | |
| Classification number | 174.4 |
| Edition number | 22 |
| Author mark and year | CAS 2006 |
| 245 00 - TITLE STATEMENT | |
| Title | Cases in business ethics / |
| Statement of responsibility, etc. | [edited by] David J. Sharp. |
| 260 ## - PUBLICATION, DISTRIBUTION, ETC. (IMPRINT) | |
| Place of publication, distribution, etc. | Thousand Oaks, Calif. : |
| Name of publisher, distributor, etc. | Sage Publications, |
| Date of publication, distribution, etc. | c2006. |
| 300 ## - PHYSICAL DESCRIPTION | |
| Pagination | xvi, 293 p. : |
| Illustrations | ill. ; |
| Size | 23 cm. |
| 650 #0 - SUBJECT ADDED ENTRY--TOPICAL TERM | |
| Topical term or geographic name as entry element | Business ethics |
| Form subdivision | Case studies. |
| 9 (RLIN) | 138417 |
| 700 1# - ADDED ENTRY--PERSONAL NAME | |
| Personal name | Sharp, David J. |
| 856 41 - ELECTRONIC LOCATION AND ACCESS | |
| Materials specified | Table of contents only |
| Uniform Resource Identifier | <a href="http://www.loc.gov/catdir/toc/ecip057/2005003583.html">http://www.loc.gov/catdir/toc/ecip057/2005003583.html</a> |
| Materials specified | Publisher description |
| Uniform Resource Identifier | <a href="http://www.loc.gov/catdir/enhancements/fy0658/2005003583-d.html">http://www.loc.gov/catdir/enhancements/fy0658/2005003583-d.html</a> |
| Materials specified | Contributor biographical information |
| Uniform Resource Identifier | <a href="http://www.loc.gov/catdir/enhancements/fy0739/2005003583-b.html">http://www.loc.gov/catdir/enhancements/fy0739/2005003583-b.html</a> |
| 942 ## - ADDED ENTRY ELEMENTS (KOHA) | |
| Source of classification or shelving scheme | Dewey Decimal Classification |
| Koha item type | Books |
| Lost status | Source of classification or shelving scheme | Damaged status | Not for loan | Collection code | Permanent Location | Current Location | Shelving location | Date acquired | Source of acquisition | Cost, normal purchase price | Total Checkouts | Full call number | Date last seen | Copy number | Koha item type |
|---|---|---|---|---|---|---|---|---|---|---|---|---|---|---|---|
| Dewey Decimal Classification | Non-fiction | Central Library, University of Rajshahi | Central Library, University of Rajshahi | 18/05/2008 | Dhaka : Paragon Enterprise | 48.95 | 174.4 CAS 2006 | 24/07/2016 | C-2 | Books | |||||
| Dewey Decimal Classification | Not For Loan | Non-fiction | Central Library, University of Rajshahi | Central Library, University of Rajshahi | Reading Room | 18/05/2008 | dhaka, paragon Enterprice ltd. | 48.00 | 174.4 CAS 2006 | 01/12/2016 | C-1 | Books |